| 000 | 00630cam a22002291 4500 | ||
|---|---|---|---|
| 001 | sa 68011865 | ||
| 003 | DLC | ||
| 005 | 20260227112605.0 | ||
| 008 | 940330s1965 io 000 1 ind | ||
| 010 | _asa 68011865 | ||
| 025 | _aPL480:Indo-4627 | ||
| 035 | _a(OCoLC)30057886 | ||
| 040 |
_aDLC _cCU _dCU _dDLC |
||
| 042 | _apremarc | ||
| 050 | 0 | 0 |
_aPL5089.I78 _bM8 1965 |
| 100 | 1 |
_aIskandar, N. St. _q(Nur Sutan), _d1893- |
|
| 245 | 1 | 0 |
_aMutiara, _coleh N. St. Iskandar. 5 gambar dalam oleh Sajuti Karim. |
| 250 | _aTjet. 4. | ||
| 260 |
_aDjakarta, _bBalai Pustaka, _c1965. |
||
| 300 |
_a275 p. _c19 cm. |
||
| 500 | _aA novel. | ||
| 999 |
_c84158 _d84158 |
||